[Event "45th World Open"]
[Site "Philadelphia"]
[Date "2017.07.03"]
[Round "6"]
[White "Taghizadeh, Rayan"]
[Black "Garcia, Jan"]
[Result "1/2-1/2"]
[WhiteElo "2351"]
[BlackElo "2436"]
[PlyCount "45"]
[EventDate "2017.07.??"]
[EventType "swiss"]
[EventRounds "9"]
[EventCountry "USA"]

1. e4 e5 2. Nf3 Nc6 3. Bb5 a6 4. Ba4 Nf6 5. Qe2 Be7 6. Bxc6 dxc6 7. Nc3 Bd6 8.
d3 Qe7 9. h3 Be6 10. Be3 Nd7 11. O-O O-O-O 12. Rad1 f6 13. d4 Bf7 14. d5 cxd5
15. Nxd5 Bxd5 16. Rxd5 Bc5 17. Bxc5 Nxc5 18. Rfd1 Ne6 19. g3 c6 20. Rxd8+ Rxd8
21. Rxd8+ Qxd8 22. Qd2 Qxd2 23. Nxd2 1/2-1/2

[Event "45th World Open"]
[Site "Philadelphia"]
[Date "2017.07.03"]
[Round "6"]
[White "Becerra, Julio"]
[Black "Zheng, Andrew"]
[Result "1-0"]
[WhiteElo "2556"]
[BlackElo "2252"]
[PlyCount "73"]
[EventDate "2017.07.??"]
[EventType "swiss"]
[EventRounds "9"]
[EventCountry "USA"]

1. e4 c5 2. Nf3 d6 3. d4 cxd4 4. Nxd4 Nf6 5. Nc3 a6 6. h3 e6 7. g4 Be7 8. Bg2
Qc7 9. a4 Nc6 10. g5 Nd7 11. Nde2 Rb8 12. Ng3 b5 13. axb5 axb5 14. Nce2 Bb7 15.
O-O O-O 16. Be3 Ra8 17. Qd2 Rfc8 18. b3 b4 19. f4 Rxa1 20. Rxa1 Ra8 21. Rxa8+
Bxa8 22. Nh1 Bb7 23. Nf2 Qa5 24. h4 Nc5 25. h5 f6 26. g6 Nd7 27. gxh7+ Kh8 28.
Ng3 Nf8 29. Qd1 Qa2 30. Nd3 Qa5 31. f5 Ne5 32. Nf4 exf5 33. Nxf5 Qc7 34. Qd2
Ng4 35. Nd5 Bxd5 36. Qxd5 Nxh7 37. Qf7 1-0

[Event "45th World Open"]
[Site "Philadelphia"]
[Date "2017.07.03"]
[Round "6"]
[White "Brown, Michael"]
[Black "Jacobson, Brandon"]
[Result "1-0"]
[WhiteElo "2489"]
[BlackElo "2210"]
[PlyCount "53"]
[EventDate "2017.07.??"]
[EventType "swiss"]
[EventRounds "9"]
[EventCountry "USA"]

1. d4 d5 2. c4 c6 3. Nc3 Nf6 4. e3 Bf5 5. Nf3 e6 6. Nh4 Be4 7. f3 Bg6 8. Qb3
Qc7 9. Bd2 Be7 10. g3 Bh5 11. Be2 dxc4 12. Qxc4 a6 13. a4 Nbd7 14. O-O c5 15.
a5 Rc8 16. g4 Bd6 17. Rf2 cxd4 18. Qxd4 Bc5 19. Qa4 Bg6 20. g5 Nd5 21. Nxd5
exd5 22. Rc1 Qd8 23. f4 Be4 24. Bg4 h6 25. Nf5 Bxf5 26. Bxf5 hxg5 27. Bb4 1-0

[Event "45th World Open"]
[Site "Philadelphia"]
[Date "2017.07.03"]
[Round "6"]
[White "Guo, Arthur"]
[Black "Aaron, Deepak"]
[Result "1-0"]
[WhiteElo "2122"]
[BlackElo "2321"]
[PlyCount "119"]
[EventDate "2017.07.??"]
[EventType "swiss"]
[EventRounds "9"]
[EventCountry "USA"]

1. e4 e6 2. d4 d5 3. Nd2 Nf6 4. e5 Nfd7 5. c3 c5 6. Bd3 Nc6 7. Ndf3 cxd4 8.
cxd4 f6 9. exf6 Nxf6 10. Ne2 Bd6 11. O-O Qc7 12. Bg5 O-O 13. Qc2 Qf7 14. Bf4
Bxf4 15. Nxf4 Nb4 16. Qb3 Nxd3 17. Nxd3 Qh5 18. Nde5 Ne4 19. Rac1 Qe8 20. Rc7
b6 21. Qa3 a5 22. Re7 Qb5 23. Re1 Re8 24. Rc7 Qb4 25. Qxb4 axb4 26. Nc6 h6 27.
Nxb4 Ba6 28. Ne5 Bb5 29. b3 Rec8 30. Re7 Nc3 31. a4 Be8 32. Ned3 b5 33. a5 Rxa5
34. R7xe6 Bf7 35. R6e5 Rca8 36. f3 Ra1 37. Kf2 Bg6 38. Rxa1 Rxa1 39. Re1 Ra3
40. Nc5 Kf7 41. Rc1 Nb1 42. Nxd5 Ra2+ 43. Kg3 Rd2 44. Re1 Na3 45. Re7+ Kg8 46.
Ra7 Nc2 47. Ne7+ Kf7 48. d5 Ne1 49. Nf5+ Kg8 50. Rxg7+ Kh8 51. Rxg6 Rxg2+ 52.
Kf4 Rxg6 53. d6 Rg8 54. d7 Rd8 55. Ke4 Kg8 56. Nd4 Kf7 57. Nc6 Rxd7 58. Nxd7
Ke6 59. Nde5 Ng2 60. Nd4+ 1-0

[Event "45th World Open"]
[Site "Philadelphia"]
[Date "2017.07.03"]
[Round "6"]
[White "Chua, Alexander"]
[Black "Virtanen, Teemu"]
[Result "1-0"]
[WhiteElo "2300"]
[BlackElo "2141"]
[PlyCount "81"]
[EventDate "2017.07.??"]
[EventType "swiss"]
[EventRounds "9"]
[EventCountry "USA"]

1. d4 Nf6 2. c4 e6 3. g3 Bb4+ 4. Bd2 Be7 5. Bg2 O-O 6. Nf3 d5 7. O-O b6 8. b3
Bb7 9. Qc2 Na6 10. Rd1 Rc8 11. Nc3 Ne4 12. cxd5 Nxd2 13. Qxd2 exd5 14. Ne5 c6
15. e4 dxe4 16. Bxe4 Nb4 17. Rac1 Bg5 18. f4 Be7 19. a3 Nd5 20. b4 Qd6 21. Bxd5
cxd5 22. Nb5 Qe6 23. Nxa7 Rxc1 24. Rxc1 f6 25. Nec6 Bd6 26. Re1 Qd7 27. b5 Re8
28. a4 h5 29. Rxe8+ Qxe8 30. Kf2 Bb8 31. Qe2 Qxe2+ 32. Kxe2 Bxa7 33. Nxa7 Kf7
34. f5 Ke7 35. Kd3 Kd6 36. Kc3 Kc7 37. Kb4 Kb8 38. Nc6+ Kc7 39. Ne7 Kd6 40. Ng6
Bc8 41. Nf4 1-0

[Event "45th World Open"]
[Site "Philadelphia"]
[Date "2017.07.03"]
[Round "6"]
[White "Elezi, Luan"]
[Black "Niemann, Hans"]
[Result "1-0"]
[WhiteElo "2116"]
[BlackElo "2282"]
[PlyCount "77"]
[EventDate "2017.07.??"]
[EventType "swiss"]
[EventRounds "9"]
[EventCountry "USA"]

1. d4 Nf6 2. c4 c5 3. Nf3 cxd4 4. Nxd4 Nc6 5. Nc3 e6 6. a3 Be7 7. e4 d6 8. Be3
O-O 9. Be2 Bd7 10. O-O a6 11. Rc1 Rc8 12. f3 Ne5 13. Qb3 Qc7 14. h3 Kh8 15. Na4
Bd8 16. Rfd1 Qa5 17. Nc3 Qb6 18. Qa2 Qc7 19. b3 Ng6 20. Qd2 Qb8 21. Bd3 Bc7 22.
Bb1 b6 23. a4 Qb7 24. Nde2 Rcd8 25. Bg5 Qc6 26. b4 a5 27. Nd4 Qb7 28. b5 Bb8
29. f4 Qc7 30. Nf3 Qc5+ 31. Kh1 Qc7 32. f5 Ne7 33. Bxf6 gxf6 34. Qh6 Ng8 35.
Qh4 h6 36. Ne2 Be8 37. Nf4 Qe7 38. Nh5 Rc8 39. Qg4 1-0

[Event "45th World Open"]
[Site "Philadelphia"]
[Date "2017.07.03"]
[Round "6"]
[White "Virkud, Apurva"]
[Black "Bayar, Anu"]
[Result "1/2-1/2"]
[WhiteElo "2252"]
[BlackElo "2041"]
[PlyCount "133"]
[EventDate "2017.07.??"]
[EventType "swiss"]
[EventRounds "9"]
[EventCountry "USA"]

1. d4 Nf6 2. c4 c5 3. d5 e6 4. Nc3 exd5 5. cxd5 g6 6. Nf3 d6 7. g3 Bg7 8. Bg2
O-O 9. O-O a6 10. a4 Re8 11. Bf4 Ne4 12. Nxe4 Rxe4 13. Nd2 Rb4 14. Ra2 Qe7 15.
b3 b5 16. axb5 Nd7 17. Nc4 Ne5 18. Nb6 Rb8 19. Nxc8 Rxc8 20. bxa6 Qa7 21. Qc2
Rcb8 22. Ra3 c4 23. Be3 Qd7 24. a7 Ra8 25. h3 Qb7 26. Rb1 Nd7 27. Be4 c3 28.
Bg2 Nb6 29. Bxb6 Qxb6 30. Rba1 Qc5 31. e3 Rb7 32. Be4 Rbxa7 33. Rxa7 Rxa7 34.
Rxa7 Qxa7 35. Qb1 Qa3 36. b4 Bf6 37. b5 Qb2 38. b6 Bd8 39. b7 Bc7 40. Kf1 Kf8
41. Qd3 Qb4 42. Qd4 Qxd4 43. exd4 Ke7 44. Bc2 Kd8 45. Ke2 Bb8 46. Ba4 Kc7 47.
Bc6 Ba7 48. Kd3 Bxd4 49. f4 Bg7 50. g4 h6 51. h4 f6 52. f5 g5 53. h5 Bf8 54.
Kxc3 Be7 55. Kc4 Bd8 56. Kb5 Kb8 57. Ka6 Bb6 58. Bd7 Bc5 59. Be6 Bd4 60. Bd7
Bc5 61. Bc8 Ba7 62. Ka5 Kc7 63. Kb5 Bc5 64. Ka6 Be3 65. Bd7 Bd4 66. Ba4 Be3 67.
Bb3 1/2-1/2

[Event "45th World Open"]
[Site "Philadelphia"]
[Date "2017.07.03"]
[Round "6"]
[White "Sena, Juan"]
[Black "Kretchetov, Alexander"]
[Result "0-1"]
[WhiteElo "2073"]
[BlackElo "2263"]
[PlyCount "100"]
[EventDate "2017.07.??"]
[EventType "swiss"]
[EventRounds "9"]
[EventCountry "USA"]

1. e4 c6 2. d4 d5 3. Nc3 g6 4. Nf3 Bg7 5. h3 Nh6 6. exd5 cxd5 7. Bb5+ Nc6 8.
Ne5 Bd7 9. Nxd7 Qxd7 10. Qf3 e6 11. Ne2 Nf5 12. c3 Nd6 13. Bd3 b5 14. h4 h6 15.
a3 a5 16. Bf4 Rb8 17. Qg3 Ke7 18. O-O Rb6 19. Rfe1 Bf6 20. Be5 Bxe5 21. dxe5
Nc4 22. f4 Rbb8 23. b3 Qa7+ 24. Kh2 Ne3 25. Ng1 Nf5 26. Bxf5 gxf5 27. Qg7 Rbg8
28. Qf6+ Ke8 29. Ra2 Nb8 30. h5 Nd7 31. Qh4 Rg4 32. Qf2 Qxf2 33. Rxf2 Nc5 34.
Re3 Rh4+ 35. Nh3 Nxb3 36. g3 Rg4 37. Rb2 a4 38. Ng1 Kd7 39. Ne2 Rb8 40. Nd4
Nxd4 41. cxd4 Rgg8 42. Rc3 Rgc8 43. Rxc8 Kxc8 44. g4 fxg4 45. Kg3 Kc7 46. Kxg4
Kb6 47. f5 Rc8 48. fxe6 fxe6 49. Rf2 b4 50. axb4 a3 0-1

[Event "45th World Open"]
[Site "Philadelphia"]
[Date "2017.07.03"]
[Round "6"]
[White "Yanayt, Eugene"]
[Black "Tanaka, Tyler"]
[Result "1/2-1/2"]
[WhiteElo "2182"]
[BlackElo "1765"]
[PlyCount "58"]
[EventDate "2017.07.??"]
[EventType "swiss"]
[EventRounds "9"]
[EventCountry "USA"]

1. d4 Nf6 2. c4 g6 3. Nc3 Bg7 4. e4 d6 5. Nf3 O-O 6. Be2 c5 7. d5 e6 8. Nd2
exd5 9. cxd5 Re8 10. O-O Nbd7 11. a4 a6 12. Re1 Ne5 13. h3 g5 14. Nf1 h6 15.
Qc2 c4 16. Be3 Bd7 17. a5 Bb5 18. Ng3 g4 19. h4 Bd7 20. Na4 Qxa5 21. Nb6 Qb5
22. Nxc4 Nxc4 23. Bxc4 Rac8 24. b3 Qb4 25. Qb1 Nxe4 26. Nxe4 Bxa1 27. Bd2 Qa3
28. Bc1 Qb4 29. Bd2 Qa3 1/2-1/2

[Event "45th World Open"]
[Site "Philadelphia"]
[Date "2017.07.03"]
[Round "6"]
[White "Nguyen, Tan"]
[Black "Mujumdar, Sameer"]
[Result "0-1"]
[WhiteElo "1949"]
[BlackElo "2089"]
[PlyCount "126"]
[EventDate "2017.07.??"]
[EventType "swiss"]
[EventRounds "9"]
[EventCountry "USA"]

1. d4 Nf6 2. c4 e6 3. Nf3 Bb4+ 4. Bd2 Qe7 5. g3 O-O 6. Bg2 Bxd2+ 7. Qxd2 d6 8.
Nc3 e5 9. e4 Bg4 10. O-O Bxf3 11. Bxf3 Nc6 12. d5 Nd4 13. Bg2 c6 14. b4 a5 15.
Rfb1 Qc7 16. Ne2 Nxe2+ 17. Qxe2 axb4 18. Rxb4 Nd7 19. h4 Nc5 20. h5 h6 21. Rab1
Ra3 22. dxc6 bxc6 23. Bh3 Qa5 24. Rb8 Qa7 25. Rxf8+ Kxf8 26. Qg4 Ne6 27. c5
Rxa2 28. Qd1 Qxc5 29. Qf3 Ng5 30. Rb8+ Ke7 31. Rb7+ Kd8 32. Rb8+ Kc7 33. Rc8+
Kb7 34. Qb3+ Qb5 35. Qxa2 Nxh3+ 36. Kg2 Kxc8 37. Kxh3 Qb7 38. Qd2 Kd7 39. f4
exf4 40. gxf4 Qb3+ 41. Kg2 Qc4 42. Qe3 Ke8 43. Kf3 Qb5 44. Kg4 Kf8 45. Qd2 Qc5
46. e5 Ke7 47. exd6+ Qxd6 48. Qb2 Kf8 49. Qb7 Qe6+ 50. Kg3 Kg8 51. Qc7 Kh7 52.
Qb7 c5 53. Qb1+ f5 54. Qc2 Qe3+ 55. Kh2 Qxf4+ 56. Kh1 Qe4+ 57. Qg2 c4 58. Kh2
Qxg2+ 59. Kxg2 c3 60. Kf3 c2 61. Kg3 c1=Q 62. Kh3 Qg1 63. Kh4 Qg4# 0-1

[Event "45th World Open"]
[Site "Philadelphia"]
[Date "2017.07.03"]
[Round "6"]
[White "Cooke, Eric"]
[Black "Beckman, Thomas"]
[Result "1-0"]
[WhiteElo "2118"]
[BlackElo "1962"]
[PlyCount "61"]
[EventDate "2017.07.??"]
[EventType "swiss"]
[EventRounds "9"]
[EventCountry "USA"]

1. e4 e6 2. d4 d5 3. Nc3 Nf6 4. e5 Nfd7 5. f4 c5 6. Nf3 Nc6 7. Be3 a6 8. g3
cxd4 9. Nxd4 Bc5 10. Qd2 O-O 11. Bg2 Rb8 12. Nce2 Qe7 13. O-O Kh8 14. Kh1 f6
15. exf6 gxf6 16. Rae1 Nb6 17. b3 Bd7 18. c3 Rbd8 19. a4 Rg8 20. Nxc6 Bxc6 21.
Bxc5 Qxc5 22. Nd4 Qa3 23. Nxe6 Qxb3 24. Rb1 Qc4 25. Nxd8 Rxd8 26. Rxb6 d4 27.
Rxc6 bxc6 28. cxd4 Rxd4 29. Qe3 Qxa4 30. Qe8+ Kg7 31. Qe7+ 1-0

[Event "45th World Open"]
[Site "Philadelphia"]
[Date "2017.07.03"]
[Round "7.1"]
[White "Barbosa, Oliver"]
[Black "Le, Liem"]
[Result "1/2-1/2"]
[WhiteElo "2511"]
[BlackElo "2726"]
[PlyCount "68"]
[EventDate "2017.07.??"]
[EventType "swiss"]
[EventRounds "9"]
[EventCountry "USA"]
[WhiteClock "0:22:36"]
[BlackClock "0:24:27"]

1. Nf3 c5 2. c4 Nc6 3. Nc3 g6 4. e3 Nf6 5. d4 cxd4 6. exd4 d5 7. cxd5 Nxd5 8.
Qb3 e6 9. Bb5 Bg7 10. Nxd5 exd5 11. O-O O-O 12. Bxc6 bxc6 13. Bf4 Qb6 14. Qc3
Bf5 15. Be5 f6 16. Bd6 Rfe8 17. Rfe1 Bh6 18. Nd2 Qa6 19. Nb3 Qc4 20. Bb4 Qxc3
21. Bxc3 Kf7 22. Rxe8 Rxe8 23. Re1 Rb8 24. f3 Bf4 25. g3 Bd6 26. Rc1 g5 27. Be1
Bd7 28. g4 Be7 29. Rc2 Re8 30. Bf2 Rb8 31. Nc5 Bc8 32. b3 Kg6 33. Re2 Kf7 34.
Rc2 Kg6 1/2-1/2

[Event "45th World Open"]
[Site "Philadelphia"]
[Date "2017.07.03"]
[Round "7.2"]
[White "Lenderman, Aleksandr"]
[Black "Zherebukh, Yaroslav"]
[Result "1/2-1/2"]
[WhiteElo "2585"]
[BlackElo "2642"]
[PlyCount "112"]
[EventDate "2017.07.??"]
[EventType "swiss"]
[EventRounds "9"]
[EventCountry "USA"]
[WhiteClock "0:21:16"]
[BlackClock "0:20:19"]

1. d4 Nf6 2. c4 g6 3. Nc3 d5 4. cxd5 Nxd5 5. e4 Nxc3 6. bxc3 Bg7 7. Nf3 c5 8.
Be3 Qa5 9. Nd2 Bd7 10. Rb1 b6 11. Bc4 Ba4 12. Qxa4+ Qxa4 13. Bb5+ Qxb5 14. Rxb5
cxd4 15. cxd4 Nc6 16. Nf3 e6 17. Ke2 O-O-O 18. Rd1 Rd7 19. Rb2 Rhd8 20. Rbd2
Kb7 21. g4 h6 22. h4 b5 23. a3 a6 24. Rd3 f5 25. gxf5 gxf5 26. e5 Bf8 27. h5 a5
28. Rb3 Rd5 29. Rc1 a4 30. Rbc3 Rc8 31. Bd2 Rdd8 32. Rb1 Na7 33. Rxc8 Rxc8 34.
d5 exd5 35. Nd4 Ka6 36. Rg1 Bxa3 37. Rg6+ Kb7 38. Rg7+ Kb6 39. Rxa7 Bc5 40.
Nxb5 Kxb5 41. Ra5+ Kb6 42. Rxa4 Re8 43. Bxh6 Rh8 44. Be3 Rxh5 45. e6 Rh7 46.
Rf4 Re7 47. Rxf5 d4 48. Bd2 Rxe6+ 49. Kd3 Kc6 50. Kc4 Bb6 51. Bb4 Re2 52. Rf6+
Kb7 53. f4 Rc2+ 54. Kd3 Rb2 55. Bd2 Rb3+ 56. Kc4 Rb2 1/2-1/2

[Event "45th World Open"]
[Site "Philadelphia"]
[Date "2017.07.03"]
[Round "7.3"]
[White "Hernandez, Holden"]
[Black "Zhou, Jianchao"]
[Result "0-1"]
[WhiteElo "2510"]
[BlackElo "2595"]
[PlyCount "63"]
[EventDate "2017.07.??"]
[EventType "swiss"]
[EventRounds "9"]
[EventCountry "USA"]
[WhiteClock "0:19:33"]
[BlackClock "0:29:28"]

1. d4 Nf6 2. c4 e6 3. Nf3 d5 4. Nc3 a6 5. cxd5 exd5 6. Bg5 Be6 7. e3 Nbd7 8.
Bd3 Bd6 9. h3 c6 10. O-O Qc7 11. Nh4 h6 12. Bxf6 Nxf6 13. Nf5 Bf8 14. Rc1 g6
15. Ng3 Rd8 16. Na4 Bd6 17. Qf3 Qe7 18. Nc5 Bc8 19. Rfe1 O-O 20. e4 dxe4 21.
Bxe4 Bxg3 22. Bf5 Bh2+ 23. Kh1 Qd6 24. Bxc8 Rxc8 25. Nxb7 Qf4 26. Qd3 Rb8 27.
Nc5 Rxb2 28. Rc2 Rxc2 29. Qxc2 Qc7 30. g3 Bxg3 31. fxg3 Qxg3 32. Rg1 0-1

[Event "45th World Open"]
[Site "Philadelphia"]
[Date "2017.07.03"]
[Round "7.4"]
[White "Bachmann, Axel"]
[Black "Stripunsky, Alexander"]
[Result "1/2-1/2"]
[WhiteElo "2653"]
[BlackElo "2536"]
[PlyCount "35"]
[EventDate "2017.07.??"]
[EventType "swiss"]
[EventRounds "9"]
[EventCountry "USA"]
[WhiteClock "1:25:57"]
[BlackClock "0:59:48"]

1. e4 c5 2. Nf3 e6 3. g3 Nf6 4. Qe2 Be7 5. Bg2 d5 6. d3 Nc6 7. O-O O-O 8. e5
Nd7 9. c4 b5 10. cxb5 Na5 11. Nc3 a6 12. Bf4 axb5 13. Nxb5 Ba6 14. Nc3 Nc6 15.
h4 Qb6 16. Rfd1 Nd4 17. Qd2 Rfb8 18. Rdb1 1/2-1/2

[Event "45th World Open"]
[Site "Philadelphia"]
[Date "2017.07.03"]
[Round "7"]
[White "Nyzhnyk, Illia"]
[Black "Fishbein, Alexander"]
[Result "1/2-1/2"]
[WhiteElo "2612"]
[BlackElo "2466"]
[PlyCount "95"]
[EventDate "2017.07.??"]
[EventType "swiss"]
[EventRounds "9"]
[EventCountry "USA"]

1. d4 Nf6 2. Bg5 Ne4 3. Bf4 c5 4. f3 Qa5+ 5. c3 Nf6 6. d5 Qb6 7. b3 e6 8. e4
Be7 9. c4 d6 10. Nc3 O-O 11. Qd2 exd5 12. cxd5 Nh5 13. Bg5 Bxg5 14. Qxg5 Nf6
15. Bd3 Nbd7 16. Qe3 Ne5 17. Bc2 Qa5 18. Nge2 b5 19. O-O b4 20. Na4 Ba6 21. a3
bxa3 22. Rxa3 Qb4 23. Raa1 c4 24. bxc4 Rfc8 25. Nac3 Bxc4 26. Rfb1 Qc5 27. Qxc5
dxc5 28. Nc1 g5 29. Kf2 Ne8 30. h3 Nd6 31. g3 f6 32. f4 gxf4 33. gxf4 Ng6 34.
Kf3 Kh8 35. N1e2 Rg8 36. Ng3 Nh4+ 37. Kf2 Rg7 38. Ra5 Rc8 39. Ra3 Rcg8 40. Rg1
a6 41. Raa1 Nb5 42. Ra4 Bf1 43. Nxb5 axb5 44. Ra6 Bxh3 45. Rxf6 Ra7 46. Rh6 Ra2
47. Rxh4 Rxc2+ 48. Ke3 1/2-1/2

[Event "45th World Open"]
[Site "Philadelphia"]
[Date "2017.07.03"]
[Round "7"]
[White "Stukopin, Andrey"]
[Black "Blatny, Pavel"]
[Result "1-0"]
[WhiteElo "2577"]
[BlackElo "2392"]
[PlyCount "115"]
[EventDate "2017.07.??"]
[EventType "swiss"]
[EventRounds "9"]
[EventCountry "USA"]

1. e4 b6 2. d4 Bb7 3. Nc3 e6 4. Nf3 d6 5. d5 e5 6. g4 h6 7. h4 g6 8. h5 g5 9.
a4 Qc8 10. Bb5+ c6 11. dxc6 Nxc6 12. Nh2 a6 13. Bxc6+ Qxc6 14. Qf3 Ne7 15. Nf1
d5 16. exd5 Nxd5 17. Nxd5 Qxd5 18. Qxd5 Bxd5 19. Rg1 O-O-O 20. Be3 Kb7 21.
O-O-O Be7 22. Rd3 Bc6 23. Rb3 b5 24. axb5 axb5 25. Ng3 Ra8 26. Kd2 Ra4 27. Nf5
Bb4+ 28. Rxb4 Rxb4 29. Nd6+ Kc7 30. Nxf7 Rh7 31. Nxe5 Re4 32. Nxc6 Kxc6 33. Kd3
Ra4 34. c3 Rd7+ 35. Bd4 Re7 36. b4 Kd5 37. Rg3 Re4 38. Bg7 Ra1 39. Bxh6 Rd1+
40. Kc2 Ra1 41. Bxg5 Re2+ 42. Kd3 Rxf2 43. h6 Rh2 44. Rf3 Rg1 45. Rf5+ Kc6 46.
Rc5+ Kd7 47. Ke4 Rxg4+ 48. Kf5 Rg3 49. Bf4 Rh5+ 50. Kf6 Rxc5 51. Bxg3 Rxc3 52.
Bh4 Rc6+ 53. Kg7 Ke6 54. h7 Rc7+ 55. Kg6 Rc8 56. Bf6 Kd5 57. Be7 Ke6 58. Bc5
1-0

[Event "45th World Open"]
[Site "Philadelphia"]
[Date "2017.07.03"]
[Round "7"]
[White "Korley, Kassa"]
[Black "Gordievsky, Dmitry"]
[Result "0-1"]
[WhiteElo "2389"]
[BlackElo "2613"]
[PlyCount "66"]
[EventDate "2017.07.??"]
[EventType "swiss"]
[EventRounds "9"]
[EventCountry "USA"]

1. d4 Nf6 2. Bf4 c5 3. e3 g6 4. c3 Bg7 5. Nf3 b6 6. dxc5 bxc5 7. e4 Nc6 8. Nbd2
O-O 9. Be2 d5 10. Qc2 d4 11. O-O Nh5 12. Bg3 Nxg3 13. hxg3 Be6 14. Bb5 Na5 15.
cxd4 cxd4 16. Qd3 Qb6 17. b3 Nb7 18. e5 Rad8 19. Rfe1 Nc5 20. Qf1 d3 21. Bc4
Bf5 22. Rad1 Bh6 23. Kh2 Qa5 24. a4 Kg7 25. Qh1 Bg4 26. Nf1 d2 27. Re2 Qc3 28.
Ne3 Bxe3 29. Rxe3 Qc2 30. b4 Qxc4 31. bxc5 Rd5 32. Nxd2 Qc2 33. f3 Rxd2 0-1

[Event "45th World Open"]
[Site "Philadelphia"]
[Date "2017.07.03"]
[Round "7"]
[White "Williams, Justus"]
[Black "Becerra, Julio"]
[Result "0-1"]
[WhiteElo "2382"]
[BlackElo "2556"]
[PlyCount "127"]
[EventDate "2017.07.??"]
[EventType "swiss"]
[EventRounds "9"]
[EventCountry "USA"]

1. c4 g6 2. g3 Bg7 3. Bg2 c5 4. Nc3 Nc6 5. Nf3 d6 6. O-O Nf6 7. a3 O-O 8. d3
Rb8 9. Rb1 b6 10. b4 Bb7 11. Qa4 Qd7 12. Bd2 Ba8 13. Nb5 Rfd8 14. Rfe1 h6 15.
Nc3 Rbc8 16. Rbc1 Kh7 17. Nb5 Ne8 18. Bc3 Bxc3 19. Nxc3 Kg7 20. Nb5 Nf6 21.
Red1 e5 22. e3 Qe7 23. Nd2 h5 24. Ne4 h4 25. Re1 a5 26. bxa5 Nxa5 27. Nbc3 Nxe4
28. dxe4 Bc6 29. Nb5 Qe6 30. f3 hxg3 31. hxg3 Ra8 32. Bf1 Rh8 33. Qd1 Bxb5 34.
cxb5 c4 35. Qc2 Rac8 36. Red1 Rc5 37. Qc3 Qf6 38. Kg2 Rxb5 39. Rb1 Rxb1 40.
Rxb1 Qd8 41. f4 Qa8 42. Qc2 Qc6 43. a4 c3 44. Rb5 Nc4 45. Bxc4 Qxc4 46. Rxb6
Qc5 47. Rb3 Qxe3 48. Rxc3 Qe1 49. Kf3 Rh1 50. Rc7 Qf1+ 51. Ke3 exf4+ 52. gxf4
Rh3+ 53. Kd4 Qxf4 54. Kc4 Rh5 55. Kb4 Re5 56. Rc4 Qe3 57. Qc3 Qb6+ 58. Ka3 g5
59. Rc6 Qa5 60. Qd4 Qe1 61. Qxd6 Qg3+ 62. Ka2 Qf2+ 63. Kb3 Qe3+ 64. Kb2 0-1

[Event "45th World Open"]
[Site "Philadelphia"]
[Date "2017.07.03"]
[Round "7"]
[White "Aldama, Dionisio"]
[Black "Li, Ruifeng"]
[Result "1-0"]
[WhiteElo "2385"]
[BlackElo "2571"]
[PlyCount "143"]
[EventDate "2017.07.??"]
[EventType "swiss"]
[EventRounds "9"]
[EventCountry "USA"]

1. e4 e5 2. Nf3 Nc6 3. Bb5 a6 4. Ba4 d6 5. c4 Bd7 6. Nc3 g6 7. d4 Bg7 8. d5
Nce7 9. Bxd7+ Qxd7 10. O-O h6 11. Qb3 b6 12. a4 a5 13. Ne1 f5 14. f4 exf4 15.
Bxf4 g5 16. Bd2 f4 17. Nf3 Ng6 18. Nb5 Nf6 19. Nfd4 O-O 20. Rae1 Rf7 21. Ne6 c5
22. Nbc7 Ra7 23. Nxg7 Rxc7 24. Ne6 Ng4 25. Qh3 N6e5 26. Qh5 Rh7 27. Nxc7 Nf6
28. Qe2 Qxc7 29. g3 f3 30. Rxf3 Nxf3+ 31. Qxf3 Qe7 32. Qf5 Nd7 33. Bc3 Ne5 34.
Qc8+ Kg7 35. Rf1 Rh8 36. Bxe5+ dxe5 37. Qc6 Rf8 38. Rxf8 Qxf8 39. Qc7+ Kg8 40.
Qxe5 Qf3 41. Qc3 Qxe4 42. b3 Qe2 43. Qf6 Qe3+ 44. Kg2 Qe2+ 45. Qf2 Qd3 46. Qf3
Qd2+ 47. Kh3 Kg7 48. Kg4 Qd4+ 49. Kh5 Qe5 50. h4 gxh4+ 51. Kxh4 Qg5+ 52. Kh3
Qe5 53. Qg4+ Kh7 54. Qe6 Qa1 55. d6 Qh1+ 56. Kg4 Qd1+ 57. Kf4 Qd2+ 58. Ke5 Qd4+
59. Kf5 Qf2+ 60. Kg4 h5+ 61. Kxh5 Qf3+ 62. Kh4 Qh1+ 63. Kg5 Qc1+ 64. Kf6 Qh6+
65. Ke5 Qg7+ 66. Kd5 Qb7+ 67. Ke5 Qg7+ 68. Kf4 Qc3 69. Qe4+ Kg8 70. Qd5+ Kh7
71. d7 Qc1+ 72. Kg4 1-0

[Event "45th World Open"]
[Site "Philadelphia"]
[Date "2017.07.03"]
[Round "7"]
[White "Grabinsky, Aaron"]
[Black "Brown, Michael"]
[Result "0-1"]
[WhiteElo "2338"]
[BlackElo "2489"]
[PlyCount "52"]
[EventDate "2017.07.??"]
[EventType "swiss"]
[EventRounds "9"]
[EventCountry "USA"]

1. d4 d5 2. Bf4 Nf6 3. e3 c5 4. c3 Nc6 5. Nd2 Qb6 6. Qb3 c4 7. Qc2 Nh5 8. Bg3
Nxg3 9. hxg3 e5 10. Ngf3 exd4 11. Nxd4 g6 12. b3 Nxd4 13. exd4 Bf5 14. Qd1 Ba3
15. g4 Qe6+ 16. Qe2 Bxg4 17. f3 Qxe2+ 18. Bxe2 Be6 19. Rb1 b5 20. bxc4 bxc4 21.
f4 O-O 22. Nf3 Rab8 23. Kd2 Bf5 24. Rxb8 Rxb8 25. Ne5 Rb2+ 26. Ke3 Rc2 0-1

[Event "45th World Open"]
[Site "Philadelphia"]
[Date "2017.07.03"]
[Round "7"]
[White "Garcia, Jan"]
[Black "Biag, Ivan"]
[Result "1-0"]
[WhiteElo "2436"]
[BlackElo "2337"]
[PlyCount "79"]
[EventDate "2017.07.??"]
[EventType "swiss"]
[EventRounds "9"]
[EventCountry "USA"]

1. d4 d5 2. c4 c6 3. Nf3 Nf6 4. e3 g6 5. Nc3 Bg7 6. Be2 O-O 7. O-O Nbd7 8. a4
Re8 9. Qb3 Nb6 10. cxd5 Nbxd5 11. Nxd5 cxd5 12. a5 Ne4 13. Bb5 Rf8 14. Nd2 Nd6
15. Bd3 Be6 16. Nf3 Rc8 17. Bd2 f6 18. Bb4 Nc4 19. Qa2 Qd7 20. b3 Nd6 21. Bc5
a6 22. Rac1 Rc6 23. Nd2 Bf7 24. Nb1 e5 25. Rc2 exd4 26. Bxd4 Rfc8 27. Rfc1 Nf5
28. Bb6 Rxc2 29. Rxc2 d4 30. e4 Rxc2 31. Qxc2 Nd6 32. Nd2 f5 33. exf5 Nxf5 34.
Ne4 Bd5 35. h3 Ne7 36. Qb2 Bxe4 37. Bxe4 d3 38. Qd2 Nd5 39. Bc5 Qc6 40. b4 1-0

[Event "45th World Open"]
[Site "Philadelphia"]
[Date "2017.07.03"]
[Round "7"]
[White "Nguyen, Trung"]
[Black "Sarkar, Justin"]
[Result "0-1"]
[WhiteElo "2132"]
[BlackElo "2375"]
[PlyCount "88"]
[EventDate "2017.07.??"]
[EventType "swiss"]
[EventRounds "9"]
[EventCountry "USA"]

1. d4 Nf6 2. c4 g6 3. Nc3 d5 4. cxd5 Nxd5 5. e4 Nxc3 6. bxc3 Bg7 7. Bb5+ c6 8.
Ba4 O-O 9. Ne2 e5 10. O-O exd4 11. cxd4 Qe7 12. Qc2 a5 13. Bb3 Na6 14. Bd2 Nb4
15. Qb1 b6 16. a3 Ba6 17. axb4 Bxe2 18. Re1 Bb5 19. e5 a4 20. Ba2 Kh8 21. Qe4
f6 22. f4 Rad8 23. Rad1 fxe5 24. fxe5 Rf5 25. h4 Rdf8 26. Bg5 Qxb4 27. e6 Qa3
28. e7 Qxa2 29. e8=Q Qf2+ 30. Kh2 Rxe8 31. Qxe8+ Rf8 32. Qd7 Be2 33. Ra1 Bf3
34. Qh3 Bd5 35. Be3 Qc2 36. Rec1 Qe4 37. Rxa4 b5 38. Ra7 Bxd4 39. Bxd4+ Qxd4
40. Rca1 Rf4 41. Qc8+ Bg8 42. g3 Qf2+ 43. Kh3 Rf3 44. Qb8 Rxg3+ 0-1

[Event "45th World Open"]
[Site "Philadelphia"]
[Date "2017.07.03"]
[Round "7"]
[White "Lin, Michael"]
[Black "Chua, Alexander"]
[Result "0-1"]
[WhiteElo "2100"]
[BlackElo "2300"]
[PlyCount "106"]
[EventDate "2017.07.??"]
[EventType "swiss"]
[EventRounds "9"]
[EventCountry "USA"]

1. e4 c6 2. d4 d5 3. e5 Bf5 4. Nf3 e6 5. Be2 Ne7 6. O-O c5 7. c4 Nbc6 8. Nc3 a6
9. Be3 cxd4 10. Nxd4 dxc4 11. Bxc4 Nxd4 12. Bxd4 Nc6 13. Be3 Qxd1 14. Rfxd1
Nxe5 15. Be2 Rc8 16. Na4 Be7 17. Bd4 Bf6 18. Nc5 Rc7 19. h3 h6 20. Rac1 O-O 21.
g4 Bg6 22. f4 Nd3 23. Nxd3 Bxd4+ 24. Kf1 Rfc8 25. Rxc7 Rxc7 26. f5 exf5 27. Nf4
Bxb2 28. Rd8+ Kh7 29. Bd3 fxg4 30. Nxg6 fxg6 31. hxg4 Bf6 32. Rd6 Rc1+ 33. Kg2
Rc3 34. g5 hxg5 35. Bb1 Rc6 36. Rxc6 bxc6 37. Bd3 a5 38. Be4 c5 39. Bd3 Kh6 40.
Kh3 Kh5 41. Be2+ g4+ 42. Bxg4+ Kg5 43. Kg3 Be5+ 44. Kf3 c4 45. Be6 c3 46. Bb3
Kh4 47. Bc2 g5 48. Bf5 g4+ 49. Kg2 Kg5 50. Bc2 Kf4 51. Kf2 g3+ 52. Ke2 Bd4 53.
Kf1 Ke3 0-1